000 01122nam a22003257a 4500
001 BR2013001360
003 BR-BrBNA
005 20230928104133.0
007 ta
008 230509b bl.||||| |||| 00| 0 por d
040 _aBR-BrBNA
_bpor
_cBiblioteca Nacional de Agricultura
041 _a(Por)
072 _aE16
_b5212
090 _ 5212 BR2013001360
100 1 _aMarques, L.F.A. (org.)
110 1 _aUniversidade Federal do Espírito Santo, ES (Brasil). Centro de Ciências Agrárias
_911068
111 1 _a1. Congresso Capixaba de Pecuária Bovina
_cVitória, ES (Brazil)
_d21-24 Oct 2009
245 1 _aProdutividade com preservação ambiental: coletânea do congresso Capixaba de Pecuária Bovina
260 3 _aAlegre, ES (Brasil):
_c2009.
300 _a174 p.
500 _aIncludes several bibliographies; Summary (Por); 33 illus.; 28 graphs.; 29 tables
650 _aECONOMIA AGRÍCOLA
650 _aPECUÁRIA
650 _aGADO LEITEIRO
650 _aMELHORAMENTO GENÉTICO ANIMAL
650 _aNUTRIÇÃO ANIMAL
650 _aRAÇÃO
909 _a202309
_bLucia
_c55
_dLucia Elande
942 _cBK
999 _c78308
_d78308